A békési pásztorok élete a XVIII. században

Elmentve itt :
Bibliográfiai részletek
Szerző: Banner János
Dokumentumtípus: Könyv
Megjelent: 1929
Sorozat:A Szegedi Alföldkutató Bizottság könyvtára : IV. (társadalom- és néprajzi) szakosztály közleményei
Kulcsszavak:Békés megye - néprajz
Tárgyszavak:
Online Access:http://acta.bibl.u-szeged.hu/57166
LEADER 00726nam a2200193 i 4500
001 acta57166
005 20230309150117.0
008 190410s1929 hu o 0|| hun d
040 |a SZTE Egyetemi Kiadványok Repozitórium  |b hun 
041 |a hun 
100 1 |a Banner János 
245 1 2 |a A békési pásztorok élete a XVIII. században  |h [elektronikus dokumentum] /  |c  Banner János 
260 |c 1929 
300 |a 15 
490 0 |a A Szegedi Alföldkutató Bizottság könyvtára : IV. (társadalom- és néprajzi) szakosztály közleményei 
650 4 |a Társadalomtudományok 
650 4 |a Szociológia 
695 |a Békés megye - néprajz 
856 4 0 |u http://acta.bibl.u-szeged.hu/57166/1/alfoldkutato_004_003.pdf  |z Dokumentum-elérés